| 000 | 00826nam a2200253 a 4500 | ||
|---|---|---|---|
| 999 |
_c906 _d906 |
||
| 008 | 191107s2007 xxua|||g |||| 001 0 eng d | ||
| 020 |
_a9780849382437 _c£ 158.00 (set price) |
||
| 040 |
_aKO _beng |
||
| 041 | 0 | _aeng | |
| 044 | _axxu | ||
| 082 | 0 | 4 |
_223 _a620.1623 _bSch974 |
| 100 | 1 | _aSchweitzer, Philip A. | |
| 245 | 1 | 0 |
_aCorrosion Engineering Handbook : _bAtmospheric and Media Corrosion of Metals /727 _cPhilip A. Schweitzer |
| 250 | _a2nd ed. | ||
| 260 |
_aBoca Raton : _bCRC Press Taylor & Francis Group _c2007 |
||
| 300 |
_a727 p. : _bill. ; _c24 cm. |
||
| 490 | 0 | _aCorrosion Engineering Handbook | |
| 504 | _aIncludes bibliographical references and index. | ||
| 650 | 0 | _aCorrosion and anti-corrosives | |
| 650 | 0 | _aTECHNOLOGY & ENGINEERING -- Material Science | |
| 904 | _aS_JOY | ||
| 942 | _cBK | ||